000 00373nam a2200157Ia 4500
008 230917s9999||||xx |||||||||||||| ||und||
040 _e122853
_aMAIN
041 _aEnglish
082 _a510 P277C
100 _aPatt
245 0 _aComputer related mathematics
250 _a2nd ed.
260 _aNew Delhi
_bBPB Publications
_c1992
300 _a316p. p.
942 _cBK
999 _c103810
_d103810